000
00290nam a2200109Ia 4500
008
200302s9999 xx 000 0 und d
100
_a
Akeru Barros Pereira and Other
245
_a
The Indo-Portuguese House
260
_b
Architecture autonomous Published
260
_c
2013
300
_a
108 P.,
999
_c
4041
_d
4041